| 000 | 00572nam a2200169 a 4500 | ||
|---|---|---|---|
| 001 | 1626 | ||
| 003 | CDMR | ||
| 005 | 20151016130001.0 | ||
| 008 | 130130s1999||||||||||||||||||||||||||||d | ||
| 040 |
_aCDMR _bcat _cCDMR |
||
| 100 | 1 |
_aGabilondo, Iñaki _91224 |
|
| 245 | 1 | 0 |
_aInaguració del curs acadèmic 1999-2000 _b: la ràdio del segle XXI _ca càrrec d'Iñaki Gabilondo |
| 260 |
_aBellaterra _c1999 _bUniversitat Autònoma de Barcelona |
||
| 300 | _a27 p. | ||
| 710 | 2 |
_9144 _aUniversitat Autònoma de Barcelona _b -- Facultat de Ciències de la Informació |
|
| 942 |
_cMON _2udc |
||
| 999 |
_c1626 _d1626 |
||